College Logos A-Z 2 - Statistics

General Stats
  • This quiz has been taken 2,287 times
  • The average score is 19 of 25
Answer Stats
Picture Answer % Correct
Alabama
98%
Harvard
90%
Notre Dame
90%
Miami
89%
Texas Tech
88%
Illinois
87%
Louisiana State
87%
Yale
87%
Washington
86%
Maryland
85%
Rutgers
85%
South Carolina
85%
Syracuse
85%
Xavier
84%
Vanderbilt
83%
Ohio State
82%
Princeton
80%
Kansas
77%
Boise State
74%
Akron
72%
Georgetown
69%
Dartmouth
59%
Fordham
47%
Jacksonville
43%
East Tennessee State
31%
No matching quizzes found
Score Distribution
Percent of People with Each Score
Percentile by Number Answered
Your Score History
You have not taken this quiz